Subhas chandra bose: (Record no. 191794)
[ view plain ]
| 000 -LEADER | |
|---|---|
| fixed length control field | 00739nam a22001937a 4500 |
| 005 - DATE AND TIME OF LATEST TRANSACTION | |
| control field | 20230925104245.0 |
| 010 ## - LCCN (DPL NO) | |
| LC control number | ENG-134891 |
| 020 ## - INTERNATIONAL STANDARD BOOK NUMBER | |
| International Standard Book Number | 9789354424427 |
| 035 ## - SYSTEM CONTROL NUMBER | |
| System control number | EN-118423 |
| 037 ## - SOURCE OF ACQUISITION | |
| Source of stock number/acquisition | DBAD/PUB |
| 082 ## - DEWEY DECIMAL CLASSIFICATION NUMBER | |
| Classification number | 954.035 |
| 245 ## - TITLE STATEMENT | |
| Title | Subhas chandra bose: |
| Remainder of title | The Alternative Leadership/ |
| Statement of responsibility, etc | edited by Sisir Kumar Bose and Sugata Bose |
| 260 ## - PUBLICATION, DISTRIBUTION, ETC. (IMPRINT) | |
| Place of publication, distribution, etc | Telengana |
| Name of publisher, distributor, etc | Orient blackswan private limited |
| Date of publication, distribution, etc | 2023 |
| 270 ## - ADDRESS | |
| Address | 3-6-752 Himayatnagar,hyderabad |
| City | hyderabad |
| Postal code | 500029 |
| Electronic mail address | centraloffice@orientblackswan.com |
| 300 ## - PHYSICAL DESCRIPTION | |
| Extent | 244p. |
| Dimensions | 22cm(pbk) |
| 500 ## - GENERAL NOTE | |
| General note | Speeches ,Articles, Statements and Letters<br/>June 1939-January 1941 |
| 700 ## - ADDED ENTRY--PERSONAL NAME | |
| Personal name | edit by Bose, Sisir Kumar and Bose, Sugata |
| 9 (RLIN) | 57353 |
| 942 ## - ADDED ENTRY ELEMENTS (KOHA) | |
| Source of classification or shelving scheme | Dewey Decimal Classification |
| Item type | English Books |
| Classification part | 954.035 |
| Call number suffix | SUB |
| Withdrawn status | Lost status | Not for loan | Collection code | Home library | Current library | Date acquired | Source of acquisition | Cost, normal purchase price | Full call number | Barcode | Copy number | Cost, replacement price | Koha item type |
|---|---|---|---|---|---|---|---|---|---|---|---|---|---|
| Non-fiction | D.B.Act.Division | Mobile Library | 25/09/2023 | DBAD/PUB | 350.00 | 954.035 SUB | EN-118423 | 1 | 350.00 | English Books |
